[Event "EST-ch U14"]
[Site "Tallinn"]
[Date "2022.05.20"]
[Round "4"]
[White "Pomaznjov, Aleksei"]
[Black "Koosel, Hans Georg"]
[Result "1/2-1/2"]
[WhiteElo "1213"]
[BlackElo "1231"]
[PlyCount "75"]
[EventDate "2022.05.19"]
[EventType "swiss"]
[EventRounds "8"]
[EventCountry "EST"]
[SourceTitle "EXT 2023"]
[Source "ChessBase"]
[SourceDate "2022.10.05"]
[SourceVersion "1"]
[SourceVersionDate "2022.10.05"]
[SourceQuality "1"]

1. e4 c5 2. Nf3 Nc6 3. d4 cxd4 4. Nxd4 Nf6 5. Nc3 g6 6. Be3 Bg7 7. Qd2 Ng4 8. Nxc6 bxc6 9. Bd4 0-0 10. Bxg7 Kxg7 11. Qd4+ f6 12. f3 Ne5 13. f4 Nf7 14. Bc4 Qb6 15. 0-0-0 Qxd4 16. Rxd4 e5 17. fxe5 Nxe5 18. Na4 Rd8 19. Rhd1 Kf8 20. Nc5 Ke7 21. Bb3 d6 22. Nd3 Nxd3+ 23. R1xd3 Be6 24. Bxe6 Kxe6 25. Ra4 Rd7 26. Ra6 Rc8 27. Rc3 c5 28. Rca3 Rcc7 29. Kd2 Rb7 30. Rb3 Rxb3 31. axb3 Ke5 32. Ke3 h5 33. Rc6 f5 34. Rc8 fxe4 35. Re8+ Kf5 36. Rf8+ Ke5 37. Re8+ Kf5 38. Rf8+ 1/2-1/2

[Event "Kohtla Jaerve Noorte CC"]
[Site "Kohtla Jaerve"]
[Date "2021.09.25"]
[Round "3"]
[White "Pomaznjov, Aleksei"]
[Black "Pallum, Rasmus"]
[Result "0-1"]
[WhiteElo "1211"]
[BlackElo "1506"]
[PlyCount "86"]
[EventDate "2021.09.24"]
[EventType "swiss"]
[EventRounds "5"]
[EventCountry "EST"]
[SourceTitle "EXT 2023"]
[Source "ChessBase"]
[SourceDate "2022.10.05"]
[SourceVersion "1"]
[SourceVersionDate "2022.10.05"]
[SourceQuality "1"]

1. e4 c5 2. Nf3 Nc6 3. d4 cxd4 4. Nxd4 Nf6 5. Nc3 e5 6. Nb3 d6 7. Be2 Be7 8. Be3 0-0 9. Qd2 Be6 10. 0-0-0 a6 11. f4 Ng4 12. f5 Nxe3 13. Qxe3 Bg5 14. Qxg5 Qxg5+ 15. Kb1 Bxb3 16. axb3 Nd4 17. h4 Qg3 18. Rh3 Qxg2 19. Rdh1 Nxe2 20. Nxe2 Qxe2 21. Rg3 Qxe4 22. Rhg1 g6 23. fxg6 Qxg6 24. Rxg6+ fxg6 25. Rd1 Rf6 26. c4 Raf8 27. Kc2 a5 28. b4 axb4 29. Kb3 e4 30. Re1 Rf4 31. h5 g5 32. Kxb4 g4 33. c5 dxc5+ 34. Kxc5 Rd8 35. Kb6 Rd3 36. b4 e3 37. Kxb7 Rxb4+ 38. Kc6 g3 39. Kc5 Re4 40. Re2 Rd2 41. h6 Rxe2 42. Kd5 Rh4 43. Ke5 Rf2 0-1